02382 a2200157 45000010006000000050017000060080041000230030015000640400040000790800096001192450058002152640039002733000019003125051872003311000021022035420420260407155812.0260407a1960 arg spa dAR-UNSa-BCEJYS aAR-UNSa-BCEJYSbspacAR-UNSa-BCEJYS a330.342xNivel de desarrollo. Grados del desarrollo de la economía. Sistemas económicos10aOrigen y contenido del análisis económico moderno 1aBarcelona :bEdiciones Arielc1960 a514 p.c24 cm. aI. Análisis preferentemente deductivos: ejemplos extraídos del pensamiento económico antiguo,medieval y moderno - II. El elemento inductivo - III. Contribuciones mercantiles - IV. El sistema fisiocrático y Turgot - V. Comentarios generales sobre la escuela clásica - VI. La teoría clásica del fondo de salarios,de la población y de los rendimientos decrecientes - VII. La teoría clásica de la renta y su generalización - VIII. La ley de Say y el problema del pleno empleo - IX. El desarrollo económico - X. La teoría clásica del valor - XI. La teoría clásica del libre cambio - XII. El socialismo marxista - XIII. La economía neoclásica y contemporánea: observaciones introductorias - XIV. Proposiciones básicas de la teoría de la elección racional del consumidor - XV. Las curvas de indiferencia y el problema de la mensurabilidad - XVI. Determinación del precio de producción de la empresa - XVII. Las estructuras del mercado - XVIII. Supresión de algunos supuestos simplificadores - XIX. La formación del precio de los factores de la producción (distribución funcional de la renta) - XX. Macro y microeconomía,estática y dinámica - XXI. Determinación del producto bajo supuestos distintos de los de Say - XXII. La función del sector público en el sistema ahorro-inversión - XXIII. Introducción explícita de factores dinámicos - XXIV. Perturbaciones cíclicas - XXV. Enseñanzas que pueden extraerse de una exposición esquemática de las expansiones y de las crisis importantes - XXVI. Introducción a los capítulos relativos a la política económica - XXVII. La competencia y el monopolio como problemas políticos - XXVIII. Políticas de pleno empleo y presiones inflacionistas - XXIX. Políticas de redistribución - XXX. Problemas de política económica internacional1 aFellner, William